طلسمو ن کے چر ا غ (Record no. 93927)

MARC details
000 -LEADER
fixed length control field 00699nam a22002177a 4500
005 - DATE AND TIME OF LATEST TRANSACTION
control field 20150526104548.0
008 - FIXED-LENGTH DATA ELEMENTS--GENERAL INFORMATION
fixed length control field 140714b xxu||||| |||| 00| 0 Urdu d
010 ## - LCCN (DPL NO)
LC control number UR-8971
020 ## - INTERNATIONAL STANDARD BOOK NUMBER
Terms of availability 100.00
International Standard Book Number 8187944846
035 ## - SYSTEM CONTROL NUMBER
System control number U-7526
037 ## - SOURCE OF ACQUISITION
Source of stock number/acquisition BPPD/Pub/Ven
040 ## - CATALOGING SOURCE
Original cataloging agency DPL
Language of cataloging Urdu
082 ## - DEWEY DECIMAL CLASSIFICATION NUMBER
Classification number 841
100 ## - MAIN ENTRY--PERSONAL NAME
Personal name طہو ر منصو ر ی نگا ہ
245 ## - TITLE STATEMENT
Title طلسمو ن کے چر ا غ
Statement of responsibility, etc طہو ر منصو ر ی نگا ہ
246 #h - VARYING FORM OF TITLE
Title proper/short title ‏Tilsmon ke Chiragh
Remainder of title By Tahoor Mansoori Nigah
260 ## - PUBLICATION, DISTRIBUTION, ETC. (IMPRINT)
Name of publisher, distributor, etc Malik Book Depot
Date of publication, distribution, etc 2012
Place of publication, distribution, etc Delhi
270 ## - ADDRESS
Address 3212,Turakman Gate,
City Delhi
Telephone number 9981827660
Postal code 110006
300 ## - PHYSICAL DESCRIPTION
Extent 112ص
Dimensions 22Cm (Hb)
942 ## - ADDED ENTRY ELEMENTS (KOHA)
Source of classification or shelving scheme Dewey Decimal Classification
Item type Urdu Bks
Edition
Classification part 841
Call number suffix ط ہ و
Holdings
Withdrawn status Lost status Source of classification or shelving scheme Damaged status Not for loan Collection code Home library Current library Date acquired Source of acquisition Cost, normal purchase price Total Checkouts Full call number Barcode Date last seen Copy number Cost, replacement price Koha item type
    Dewey Decimal Classification   Not For Loan Non-fiction Central Library Central Library 26/05/2015 DBAD/Pub. 100.00   841 ط ہ و U-7526 26/05/2015 1 100.00 Urdu Bks

© Delhi Public Library
Hit Counter
free hit counter